| 000 | nam a22 a 4500 | ||
|---|---|---|---|
| 999 |
_c4170 _d4170 |
||
| 003 | AKMAL | ||
| 005 | 20170525142324.0 | ||
| 008 | 170525s1995 my 00 may d | ||
| 020 |
_a9838932043 (kkt.): _cRM 15.90 |
||
| 040 |
_aAKMAL _cAKMAL |
||
| 049 | _amal | ||
| 082 | 0 | 4 | _a899.2333 ABD |
| 090 |
_a899.2333 _bABD |
||
| 090 | 2 | 0 | _bABD |
| 100 | 1 |
_aAbdul Rahim Awang _97716 |
|
| 245 | 1 | 0 |
_aMama / _cAbdul Rahim Awang |
| 260 |
_aKuala Lumpur : _bCreative Enterprise, _c1995 |
||
| 300 |
_a340ms. : _b; _c19cm |
||
| 650 |
_aMalay fiction _92141 |
||
| 942 |
_2ddc _cBOOK |
||